| 000 | 00380nam a2200157Ia 4500 | ||
|---|---|---|---|
| 008 | 210210b1934 xxu||||| |||| 00| 0 eng d | ||
| 041 | _aeng | ||
| 082 | _a822/745 | ||
| 100 | _aLUCAS (E V) | ||
| 245 | _aPost-bag diversions | ||
| 260 |
_aLondon _bMethuen and Company Limited _c1934 |
||
| 650 | _aPost-bag | ||
| 650 | _adiversions | ||
| 690 | _aEnglish Prose | ||
| 906 | _a012929 | ||
| 999 |
_c131760 _d131760 |
||